000 00642cam a2200169 a 4500
041 _aENG
082 _a241
_bMAB
245 0 0 _aDoing Christian ethics : Context and Perspective
260 _aBangalore :
_bBoard of Theological Education of the Senate of Serampore College,
_c1996.
300 _ax, 204 p. ;
520 _aPapers presented at a workshop held at the United Theological College, Bangalore, 1-12 June 1993 under the auspices of the Board of Theological Education of the Senate of Serampore College.
650 0 _aChristian ethics
650 0 _aTheology
650 0 _aSocial ethics
700 1 _aMabry, Hunter P.
942 _cBK
999 _c23609
_d23609